000 01132nam a2200301 i 4500
001 000038476
003 DO-SdBNP
005 20260513145859.0
007 ta
008 130412s2011 dr 000 0 spa d
020 _a9789945443776
040 _aDO-SdBNP
_bspa
_cBNPHU
_erda
041 _aspa
082 4 _a330.97293
_bN972o
_222
100 1 _aNúñez Ramírez, Ramón,
_d1951-
_eautor
_964820
_4aut.
245 1 0 _aOcho años de crecimiento con estabilidad /
_cRamón Núñez Ramírez.
264 4 _aSanto Domingo :
_bSubdirección de Impuestos y Publicaciones del Banco Central de la República Dominicana ,
_c©2011.
300 _a524 páginas ;
_c23 cm.
336 _atexto
_btxt
_2rdacontent
337 _asin mediación
_bn
_2rdamedia
338 _avolumen
_bnc
_2rdacarrier
500 _aIncluye datos biográficos del autor en la solapa de la cubierta
590 _aInventariado, 2026/MFF
651 7 _aRepública Dominicana
_xCondiciones económicas
_y2003-2011
_989536
651 7 _aRepública Dominicana
_xPolítica económica
_y2003-2011
_989537
910 _aValidado. Control de calidad MFF
942 _2ddc
_cLBS1
999 _c37966
_d37966